<?xml version="1.0" encoding="UTF-8"?>
<record
    xmlns:xsi="http://www.w3.org/2001/XMLSchema-instance"
    xsi:schemaLocation="http://www.loc.gov/MARC21/slim http://www.loc.gov/standards/marcxml/schema/MARC21slim.xsd"
    xmlns="http://www.loc.gov/MARC21/slim">

  <leader>005910000a22001690004500</leader>
  <datafield tag="090" ind1=" " ind2=" ">
    <subfield code="a">AR</subfield>
    <subfield code="b">00133</subfield>
  </datafield>
  <datafield tag="245" ind1="1" ind2="0">
    <subfield code="a">Sistem&#xE1;tica en Colombia para el siglo XXI: programa nacional para el estudio de la megadiversidad del pa&#xED;s en los pr&#xF3;ximos 25 a&#xF1;os, informe final</subfield>
  </datafield>
  <datafield tag="650" ind1="1" ind2="4">
    <subfield code="a">Biodiversidad</subfield>
    <subfield code="9">92204</subfield>
  </datafield>
  <datafield tag="650" ind1="1" ind2="4">
    <subfield code="a">Sistem&#xE1;tica</subfield>
    <subfield code="9">3510</subfield>
  </datafield>
  <datafield tag="651" ind1=" " ind2="4">
    <subfield code="p">Colombia</subfield>
    <subfield code="9">92749</subfield>
  </datafield>
  <datafield tag="041" ind1="0" ind2=" ">
    <subfield code="a">Espa&#xF1;ol</subfield>
  </datafield>
  <datafield tag="100" ind1="1" ind2=" ">
    <subfield code="a">Sarmiento, Fernando</subfield>
    <subfield code="9">92983</subfield>
  </datafield>
  <datafield tag="110" ind1="1" ind2=" ">
    <subfield code="a">Asociaci&#xF3;n Colombiana de Herbarios</subfield>
    <subfield code="9">4352</subfield>
  </datafield>
  <datafield tag="650" ind1="1" ind2="4">
    <subfield code="9">92977</subfield>
    <subfield code="a">Pol&#xED;tica de investigaci&#xF3;n</subfield>
  </datafield>
  <datafield tag="942" ind1=" " ind2=" ">
    <subfield code="c">ARTICULO</subfield>
  </datafield>
  <datafield tag="773" ind1="1" ind2=" ">
    <subfield code="t">Preprint</subfield>
    <subfield code="3">3</subfield>
    <subfield code="q">1-23</subfield>
    <subfield code="d">1996</subfield>
  </datafield>
  <datafield tag="999" ind1=" " ind2=" ">
    <subfield code="c">9234</subfield>
    <subfield code="d">9234</subfield>
  </datafield>
  <datafield tag="952" ind1=" " ind2=" ">
    <subfield code="0">0</subfield>
    <subfield code="1">0</subfield>
    <subfield code="2">ddc</subfield>
    <subfield code="4">0</subfield>
    <subfield code="7">1</subfield>
    <subfield code="8">HEMEROTECA</subfield>
    <subfield code="a">Bogota</subfield>
    <subfield code="b">Bogota</subfield>
    <subfield code="d">2015-02-27</subfield>
    <subfield code="l">0</subfield>
    <subfield code="o">AR 00133 Fuera de circulaci&#xF3;n</subfield>
    <subfield code="p">013793</subfield>
    <subfield code="r">2015-03-25 00:00:00</subfield>
    <subfield code="t">1</subfield>
    <subfield code="w">2015-03-25</subfield>
    <subfield code="y">ARTICULO</subfield>
  </datafield>
</record>
